Famous Alex’s - Statistics

General Stats
  • This quiz has been taken 17 times
  • The average score is 4 of 7
Answer Stats
Hint Answer % Correct
Lion Alex
94%
AI Device Alexa
94%
Inventor of the Telephone Alexander Graham Bell
94%
King of Macedonia Alexander the Great
88%
Founding Father of the USA Alexander Hamilton
69%
Italian Scientist Alexandra Volta
0%
The Rhino Alexei Sytsevich
0%
No matching quizzes found
Score Distribution
Percent of People with Each Score
Percentile by Number Answered
Your Score History
You have not taken this quiz